00717nam a2200181 a 450000100100000000500170001000800410002704000250006808200130009310000360010624501040014226000340024630000280028070000260030871000730033495201110040799900170051800004359320201002044852.0140327s2001 dr a 000 0 spa d aDO-SdBNPbspacBNPHU axxxbxxx1 aVentura Muñoz, Eduardo92960310aMatemática superior I :bdepartamento de matemáticas /cEduardo Ventura Muñoz, Roberto Morel. aSanto Domingo :bUCSD,c2001. a192 p. :bil. ;c23 cm.12aMorel, Roberto92957222aUniversidad Católica Santo Domingo (República Dominicana)911141 0010718PDaPDbPDcCTd2014-03-27iLF1l0oxxx xxxp43593-10r2020-06-25w2020-06-25yLFPDZNo se presta c43082d43082